00549nam a2200205Ia 4500008004100000020001800041050001400059100001600073245003800089245004500127245004800172260001500220260001600235260000900251300001400260300002700274300001000301440002400311500000800335170918s9999 xx 000 0 und d a9780590431620 bB141 1990 aBaer, Edith aThis is the way we go to school : ba book about children around the world / cEdith Baer ; illustrated by Steve Bjorkman. aNew York : bScholastic, c1990 aunpaged : bcolored illustration ; c26cm. aA blue ribbon book. a360